[Event "Enschede op-A"]
[Site "Enschede"]
[Date "2022.08.13"]
[Round "9"]
[White "Hubers, Daan"]
[Black "Hagenmeyer, Felix"]
[Result "1/2-1/2"]
[WhiteElo "1817"]
[BlackElo "1686"]
[PlyCount "66"]
[EventDate "2022.08.08"]
[EventType "swiss"]
[EventRounds "9"]
[EventCountry "NED"]
[SourceTitle "CBM 209 Extra"]
[Source "ChessBase"]
[SourceDate "2022.09.30"]
[SourceVersion "1"]
[SourceVersionDate "2022.09.30"]
[SourceQuality "1"]

1. b4 e5 2. a3 d5 3. Bb2 Bd6 4. e3 Nf6 5. c4 c6 6. b5 Bd7 7. Nf3 e4 8. Nd4 a6 9. a4 Qc7 10. h3 0-0 11. Nc3 Be6 12. Rc1 Qe7 13. Qb3 Rc8 14. Be2 Nbd7 15. cxd5 cxd5 16. Nxe6 Qxe6 17. 0-0 Ne5 18. f4 Nc4 19. Bxc4 Rxc4 20. Rc2 Rb4 21. Qa2 axb5 22. Ba3 Rc4 23. Bxd6 Qxd6 24. Nxb5 Rxc2 25. Qxc2 Qb4 26. Rc1 h6 27. Nd4 Qxa4 28. Qxa4 Rxa4 29. Rc8+ Kh7 30. Rc7 Kg8 31. Rc8+ Kh7 32. Rc7 Kg8 33. Rc8+ Kh7 1/2-1/2

[Event "Enschede op-A"]
[Site "Enschede"]
[Date "2022.08.11"]
[Round "6"]
[White "Hagenmeyer, Felix"]
[Black "De Jong, Mats"]
[Result "1-0"]
[WhiteElo "1686"]
[BlackElo "1461"]
[PlyCount "61"]
[EventDate "2022.08.08"]
[EventType "swiss"]
[EventRounds "9"]
[EventCountry "NED"]
[SourceTitle "CBM 209 Extra"]
[Source "ChessBase"]
[SourceDate "2022.09.30"]
[SourceVersion "1"]
[SourceVersionDate "2022.09.30"]
[SourceQuality "1"]

1. e4 e5 2. Nf3 Nc6 3. Bc4 Bc5 4. c3 Nf6 5. d3 d6 6. 0-0 Bg4 7. Nbd2 0-0 8. Re1 a6 9. Bb3 d5 10. exd5 Nxd5 11. Ne4 Bb6 12. Bg5 f6 13. Bh4 Kh8 14. h3 Bh5 15. Bg3 Qd7 16. Nxe5 fxe5 17. Qxh5 Nf4 18. Bxf4 Rxf4 19. Qd1 Raf8 20. Rf1 Qf5 21. Qe2 h5 22. Kh2 h4 23. Rad1 Nd8 24. f3 Nf7 25. Nf2 Nh6 26. Ng4 Nxg4+ 27. hxg4 Qf6 28. Rfe1 c6 29. Qxe5 Qxe5 30. Rxe5 Bc7 31. Rh5# 1-0

[Event "GER-chT U20"]
[Site "Kiel"]
[Date "2022.07.25"]
[Round "6.6"]
[White "Rempel, Alexander1111"]
[Black "Hagenmeyer, Felix"]
[Result "0-1"]
[WhiteElo "1401"]
[BlackElo "1651"]
[PlyCount "70"]
[EventDate "2022.07.22"]
[EventType "team-swiss"]
[EventRounds "7"]
[EventCountry "GER"]
[SourceTitle "CBM 209 Extra"]
[Source "ChessBase"]
[SourceDate "2022.09.30"]
[SourceVersion "1"]
[SourceVersionDate "2022.09.30"]
[SourceQuality "1"]
[WhiteTeam "Augsburg"]
[BlackTeam "Heilbronn"]
[WhiteTeamCountry "GER"]
[BlackTeamCountry "GER"]

1. e4 c5 2. Nf3 Nc6 3. d4 cxd4 4. Nxd4 g6 5. Bc4 Bg7 6. Nxc6 bxc6 7. Qf3 e6 8. 0-0 Ne7 9. Re1 0-0 10. Nc3 Bb7 11. Qg3 d5 12. exd5 cxd5 13. Bf1 Qb6 14. Bf4 Nf5 15. Qd3 Qxb2 16. Bd2 Ba6 17. Qxa6 Bxc3 18. Bxc3 Qxc3 19. Bd3 Nd4 20. Rac1 Rfb8 21. Re3 Rb6 22. Qa4 Rb4 23. Qa6 Qc6 24. Qa3 Ra4 25. Qb2 Qd6 26. c3 Rb8 27. Qd2 Nc6 28. Be2 Qa3 29. Bb5 Rxb5 30. c4 Qb4 31. Qc2 Rc5 32. Rb3 Rxc4 33. Qb2 Rxc1+ 34. Qxc1 Qd6 35. Qb2 Rb4 0-1

[Event "GER-chT School WK 4"]
[Site "Playchess.com INT"]
[Date "2020.06.16"]
[Round "4.2"]
[White "Ruettinger, Max"]
[Black "Hagenmeyer, Felix"]
[Result "1/2-1/2"]
[WhiteElo "1747"]
[BlackElo "1616"]
[PlyCount "134"]
[EventDate "2020.06.16"]
[EventType "team-swiss (blitz)"]
[EventRounds "5"]
[EventCountry "GER"]
[SourceTitle "EXT 2021"]
[Source "ChessBase"]
[SourceDate "2020.10.23"]
[SourceVersion "1"]
[SourceVersionDate "2020.10.23"]
[SourceQuality "1"]
[WhiteTeam "Erfurt Alb Schweitzer Gymn"]
[BlackTeam "Heilbronn Mayer Gymn"]
[WhiteTeamCountry "GER"]
[BlackTeamCountry "GER"]

1. e4 c5 2. Nc3 Nc6 3. f4 d6 4. Nf3 Nf6 5. Bb5 Bd7 6. Bc4 g6 7. 0-0 Bg7 8. d3 0-0 9. Qe1 a6 10. Qh4 h6 11. f5 g5 12. Qg3 b5 13. Bb3 Qb6 14. Kh1 e6 15. fxe6 Bxe6 16. Qxd6 Rad8 17. Qg3 Bxb3 18. axb3 b4 19. Nd5 Nxd5 20. exd5 Rxd5 21. Bd2 Bxb2 22. Rae1 Bg7 23. h4 Nd4 24. Nxd4 Rxd4 25. hxg5 Qg6 26. Bc1 Rd5 27. Kg1 Bd4+ 28. Be3 Bxe3+ 29. Qxe3 Rxg5 30. Rf2 h5 31. Ref1 h4 32. Qh3 Qh5 33. Rf5 Kg7 34. Rxg5+ Qxg5 35. Rf5 Qg3 36. Kf1 Qxh3 37. gxh3 Re8 38. Rxc5 Re3 39. Kg2 Re2+ 40. Kf3 Re6 41. Kg4 Kg6 42. Kxh4 f5 43. Kg3 Rf6 44. Kf4 Rf7 45. h4 Rf8 46. h5+ Kxh5 47. Rxf5+ Rxf5+ 48. Kxf5 a5 49. Ke5 Kg5 50. Kd4 Kf5 51. Kc5 Ke5 52. Kb5 Kd4 53. Kb6 a4 54. bxa4 Kc3 55. a5 Kxc2 56. a6 b3 57. a7 b2 58. a8Q b1Q+ 59. Kc5 Qg1+ 60. Kc4 Qg4+ 61. Qe4 Qc8+ 62. Kd4 Qd7+ 63. Ke3 Qh3+ 64. Kd4 Qd7+ 65. Ke3 Qh3+ 66. Qf3 Qxf3+ 67. Kxf3 Kxd3 1/2-1/2

[Event "GER-chT U10"]
[Site "Magdeburg"]
[Date "2014.12.28"]
[Round "3.3"]
[White "Fuhrmann, Bahne"]
[Black "Hagenmeyer, Felix"]
[Result "0-1"]
[WhiteElo "600"]
[BlackElo "928"]
[PlyCount "116"]
[EventDate "2014.12.27"]
[EventType "team-swiss"]
[EventRounds "7"]
[EventCountry "GER"]
[SourceTitle "EXT 2016"]
[Source "ChessBase"]
[SourceDate "2015.10.08"]
[SourceVersion "1"]
[SourceVersionDate "2015.10.08"]
[SourceQuality "1"]
[WhiteTeam "Hamburger SK III"]
[BlackTeam "Heilbronn"]
[WhiteTeamCountry "GER"]
[BlackTeamCountry "GER"]

1. e4 e5 2. Nf3 Nc6 3. Bb5 Nge7 4. Bxc6 Nxc6 5. d4 d6 6. dxe5 dxe5 7. Qxd8+ Kxd8 8. 0-0 g6 9. Bg5+ Ke8 10. Nc3 Nb4 11. Rad1 Bg4 12. Rd2 Bxf3 13. gxf3 Bg7 14. Nb5 Na6 15. Rfd1 f6 16. Be3 b6 17. Nxa7 Rxa7 18. Rd8+ Ke7 19. R8d7+ Kf8 20. Rd8+ Ke7 21. R1d7+ Ke6 22. Rxh8 Kxd7 23. Rg8 Ke7 24. Rxg7+ Kf8 25. Rxh7 Rb7 26. f4 exf4 27. Bxf4 Kg8 28. Rh6 Kg7 29. Rh4 g5 30. Rg4 Kh6 31. Bc1 Nb4 32. Rg3 Nxa2 33. Bd2 c5 34. Rd3 Rc7 35. f3 c4 36. Rd6 Kg7 37. Rxb6 Rd7 38. Bc3 Nxc3 39. bxc3 Rd1+ 40. Kf2 Rd2+ 41. Ke3 Rxh2 42. Kd4 Rxc2 43. Rb7+ Kg6 44. Kxc4 Rf2 45. Kd4 Rxf3 46. c4 Rf4 47. c5 f5 48. c6 Rxe4+ 49. Kd5 Re8 50. Kd6 f4 51. c7 f3 52. Kd7 f2 53. Rb1 Re1 54. Rb6+ Kh5 55. Rf6 Rd1+ 56. Kc6 f1Q 57. Rxf1 Rxf1 58. Kd5 Rc1 0-1

[Event "GER-chT U10"]
[Site "Magdeburg"]
[Date "2014.12.28"]
[Round "4.3"]
[White "Hagenmeyer, Felix"]
[Black "Warzecha, Fabian"]
[Result "1/2-1/2"]
[WhiteElo "928"]
[BlackElo "1121"]
[PlyCount "86"]
[EventDate "2014.12.27"]
[EventType "team-swiss"]
[EventRounds "7"]
[EventCountry "GER"]
[SourceTitle "EXT 2016"]
[Source "ChessBase"]
[SourceDate "2015.10.08"]
[SourceVersion "1"]
[SourceVersionDate "2015.10.08"]
[SourceQuality "1"]
[WhiteTeam "Heilbronn"]
[BlackTeam "Lambsheim"]
[WhiteTeamCountry "GER"]
[BlackTeamCountry "GER"]

1. e4 c6 2. d4 d5 3. exd5 cxd5 4. Bf4 Nc6 5. Nf3 Bf5 6. Nc3 Nf6 7. Bd3 Bxd3 8. cxd3 e6 9. 0-0 Be7 10. Nb5 Rc8 11. Ne5 Nxe5 12. dxe5 Nd7 13. Nxa7 Ra8 14. Nb5 Qb6 15. a4 0-0 16. Qb3 Rac8 17. Be3 Qa6 18. Rfc1 Nc5 19. Qc2 Qc6 20. Qd1 Qd7 21. Rc2 b6 22. Bxc5 bxc5 23. b3 h6 24. Rac1 Bg5 25. Nd6 Bxc1 26. Nxc8 Rxc8 27. Qxc1 Qe7 28. d4 Rc6 29. Rxc5 Rxc5 30. dxc5 Qc7 31. b4 Qc6 32. b5 Qb7 33. c6 Qa7 34. c7 Qxa4 35. c8Q+ Kh7 36. Qb1+ g6 37. Qbc2 Qxb5 38. Q8c7 Kg7 39. h4 h5 40. Q2c3 Qb1+ 41. Kh2 Qf5 42. g3 Qxf2+ 43. Kh1 Qf1+ 1/2-1/2

[Event "GER-chT U10"]
[Site "Magdeburg"]
[Date "2014.12.27"]
[Round "2.3"]
[White "Hagenmeyer, Felix"]
[Black "Gueldenpfennig, Carl"]
[Result "1-0"]
[WhiteElo "928"]
[BlackElo "850"]
[PlyCount "35"]
[EventDate "2014.12.27"]
[EventType "team-swiss"]
[EventRounds "7"]
[EventCountry "GER"]
[SourceTitle "EXT 2016"]
[Source "ChessBase"]
[SourceDate "2015.10.08"]
[SourceVersion "1"]
[SourceVersionDate "2015.10.08"]
[SourceQuality "1"]
[WhiteTeam "Heilbronn"]
[BlackTeam "Leipzig Gruen Weiss II"]
[WhiteTeamCountry "GER"]
[BlackTeamCountry "GER"]

1. e4 e5 2. Nf3 Nc6 3. Bc4 Bc5 4. b4 Bxb4 5. c3 Bc5 6. d4 exd4 7. Nxd4 Nxd4 8. cxd4 Bb4+ 9. Nd2 Nf6 10. a3 Bc3 11. Rb1 Nxe4 12. Qf3 0-0 13. Qxe4 Re8 14. Qxe8+ Qxe8+ 15. Kf1 Bxd2 16. Bxd2 Qe4 17. Re1 Qxd4 18. Re8# 1-0